| 000 | 00750nam a2200217 i 4500 | ||
|---|---|---|---|
| 001 | 143994 | ||
| 003 | ES-MaACL | ||
| 005 | 20230906200924.0 | ||
| 007 | t| | ||
| 008 | 070214s1970 sp a |||| | spa d | ||
| 080 | _a618.1-089 | ||
| 100 | 1 |
_aShaw, Wilfred. _9106036 |
|
| 245 | 1 | 0 |
_aGinecología operatoria / _cW. Shaw, John Howkins ; traducción revisada por José Mª Carrera Maciá. |
| 250 | _aVersión española de la 3ª ed. inglesa. | ||
| 260 |
_aBarcelona [etc.] : _bSalvat, _c1970 ( _fTip. Catalana) |
||
| 300 |
_aVIII, 546 p. : _bil. col. y n. ; _c29 cm. |
||
| 650 | 4 |
_aAparato genital femenino- _xCirugía. _9161079 |
|
| 700 | 1 |
_aHowkins, John. _964412 |
|
| 700 | 1 |
_aCarrera Maciá, José María. _935639 |
|
| 852 |
_aES-MaACL _jC-37457 |
||
| 999 |
_c143994 _d143994 |
||